Demand for oils and oil seeds (Record no. 35936)

MARC details
000 -LEADER
fixed length control field 00372nam a2200133Ia 4500
082 ## - DEWEY DECIMAL CLASSIFICATION NUMBER
Classification number 339.133:633.85
Item number MAD
100 ## - MAIN ENTRY--AUTHOR NAME
Personal name MADHOO PAVASKAR
245 #0 - TITLE STATEMENT
Title Demand for oils and oil seeds
260 ## - PUBLICATION, DISTRIBUTION, ETC. (IMPRINT)
Place of publication Bombay
Name of publisher Popular Prakashan
Year of publication 1979
490 ## - SERIES STATEMENT
Series statement Tata economic consultancy services
650 ## - SUBJECT ADDED ENTRY--TOPICAL TERM
Topical Term Oilseeds demand
942 ## - ADDED ENTRY ELEMENTS (KOHA)
Koha item type Books
Holdings
Withdrawn status Lost status Damaged status Not for loan Home library Current library Date acquired Full call number Accession Number Koha item type
        RRII Library RRII Library 16/12/2021 339.133:633.85 MAD 16354 Books